Elementos de lógica teórica /
Guardado en:
| Autor Principal: | |
|---|---|
| Otros Autores: | |
| Formato: | Libro |
| Idioma: | Spanish German |
| Publicado: |
Madrid :
Tecnos,
c1962.
|
| Series: | Estructura y función ;
6 |
| Etiquetas: |
Agregar Etiqueta
Sin Etiquetas, Sea el primero en etiquetar este registro!
|
| LEADER | 00757nam a22002055a 4500 | ||
|---|---|---|---|
| 001 | MAT.inmabb006801 | ||
| 008 | 130805s1962####sp#######b####000#0#spa## | ||
| 005 | 20130910162152.0 | ||
| 245 | 1 | 0 | |a Elementos de lógica teórica / |c D. Hilbert y W. Ackermann ; [traducción de Víctor Sánchez de Zavala]. |
| 260 | |a Madrid : |b Tecnos, |c c1962. | ||
| 300 | |a 213 p. ; |c 24 cm. | ||
| 490 | 1 | |a Estructura y función ; |v 6 | |
| 500 | |a Traducción de: Grundzüge der theoretischen Logik. 4ª ed. | ||
| 504 | |a Bibliography: p. 169-170. | ||
| 100 | 1 | |a Hilbert, David, |d 1862-1943. | |
| 240 | 1 | 0 | |a Grundzüge der theoretischen Logik. |l Español |
| 700 | 1 | |a Ackermann, W. |q (Wilhelm), |d 1896- | |
| 084 | |a 03-02 |2 msc2000 | ||
| 041 | 1 | |a spa |h ger | |
| 859 | |h 03 |i H641e |p A-8848 |b BIB. MATEMATICA | ||
